ChemTech journal (Record no. 38125)

MARC details
000 -LEADER
fixed length control field 00458nam a2200169Ia 4500
022 ## - INTERNATIONAL STANDARD SERIAL NUMBER
ISSN 0794-8417
050 ## - CALL MARK
Classification number TP 1 .C44/
245 #0 - TITLE STATEMENT
Title ChemTech journal
250 ## - EDITION / VOLUME STATEMENT
Edition / Volume statement Vol. 11,
260 ## - PUBLICATION, DISTRIBUTION, ETC. (IMPRINT)
Place of publication Edo state, Nigeria
260 ## - PUBLICATION, DISTRIBUTION, ETC. (IMPRINT)
Name of publisher Chemical society of Nigeria
260 ## - PUBLICATION, DISTRIBUTION, ETC. (IMPRINT)
Year of publication 2016
300 ## - PHYSICAL DESCRIPTION
Number of Pages iv, 234 p. :ill. ; 25 cm.
650 ## - SUBJECT ADDED ENTRY--TOPICAL TERM
Topical Term Chemistry, Technical--Periodicals. Chemistry, Technical--Nigeria--Periodicals.
942 ## - ADDED ENTRY ELEMENTS (KOHA)
Koha item type Serials
Source of classification Library of Congress Classification

No items available.